000 00233nam a22000857a 4500
008 170607b xxu||||| |||| 00| 0 eng d
100 _93308
_aValiappa. A
245 _aThe story of our rivers
260 _aNew Delhi
_bNational Book Trust
_c2005
999 _c6626
_d6626